LEADER 01294nam 2200373 n 450 001 9910375960903321 005 20230820120659.0 035 $a(CKB)4100000007597465 035 $a(NjHacI)994100000007597465 035 $a(Association for Computing Machinery)10.5555/3213227 035 $a(EXLCZ)994100000007597465 100 $a20230820d2018 uy 0 101 0 $aeng 135 $aur||||||||||| 181 $ctxt$2rdacontent 182 $cc$2rdamedia 183 $acr$2rdacarrier 200 10$aProceedings of the Symposium on Modeling and Simulation of Complexity in Intelligent, Adaptive and Autonomous Systems /$fSaurabh Mittal 210 1$aSan Diego, CA :$cSociety for Computer Simulation International,$d2018. 215 $a1 online resource (63 pages) 225 1 $aACM Conferences 311 $a1-5108-6017-7 410 0$aACM Conferences 517 3 $aMSCIAAS '18 606 $aComputational complexity$vCongresses 615 0$aComputational complexity 676 $a511.3 700 $aMittal$b Saurabh$0979129 801 0$bNjHacI 801 1$bNjHacl 906 $aBOOK 912 $a9910375960903321 996 $aProceedings of the Symposium on Modeling and Simulation of Complexity in Intelligent, Adaptive and Autonomous Systems$92275083 997 $aUNINA